000 00302nam a2200121Ia 4500
008 190216s9999||||xx |||||||||||||| ||und||
100 _aPatmana Ramachandran Nair
245 0 _aAschriyya Choodamani
260 _bKairali Mudralayam
_c1978
300 _a117p
650 _aMalayalam Nadakam
942 _cBK
999 _c25704
_d25704